| Tag |
First Indicator |
Second Indicator |
Subfields |
| LEADER |
00000cam a22000008a 4500 |
| 001 |
in00000007911 |
| 005 |
20151002070053.0 |
| 008 |
870226s1987 maua b 00110 eng |
| 010 |
|
|
|a 87002729
|
| 020 |
|
|
|a 0262231301
|
| 035 |
|
|
|a (OCoLC)15318058
|
| 035 |
|
|
|9 AAA0254AM
|
| 040 |
|
|
|a DLC
|c DLC
|d m/c
|d TXA
|d UtOrBLW
|
| 043 |
|
|
|a n-usc--
|
| 050 |
0 |
0 |
|a NA712.5.P73
|b W45 1987
|
| 082 |
0 |
|
|a 725/.24/0924
|2 19
|
| 100 |
1 |
|
|a Weingarden, Lauren S.,
|d 1948-
|
| 245 |
1 |
0 |
|a Louis H. Sullivan :
|b the banks, [1906-1920] /
|c Lauren S. Weingarden.
|
| 264 |
|
1 |
|a Cambridge, Mass. :
|b MIT Press,
|c [1987]
|
| 264 |
|
4 |
|c ©1987
|
| 300 |
|
|
|a xvi, 144 pages :
|b illustrations
|
| 336 |
|
|
|a text
|b txt
|2 rdacontent
|
| 337 |
|
|
|a unmediated
|b n
|2 rdamedia
|
| 338 |
|
|
|a volume
|b nc
|2 rdacarrier
|
| 504 |
|
|
|a Bibliography: pages [142]-144.
|
| 500 |
|
|
|a Includes index.
|
| 600 |
1 |
0 |
|a Sullivan, Louis H.,
|d 1856-1924
|x Criticism and interpretation.
|
| 650 |
|
0 |
|a Architecture
|z Middle West
|x History
|y 20th century.
|
| 650 |
|
0 |
|a Prairie school (Architecture)
|
| 650 |
|
0 |
|a Banks and banking
|z Middle West.
|
| 999 |
|
|
|a MARS
|
| 999 |
f |
f |
|s 0d35d353-b744-3717-82a2-d4bb5292cd2d
|i 7f04f7b4-c553-322d-be94-c0bd1bfae446
|t 0
|
| 952 |
f |
f |
|p normal
|a Texas A&M University
|b College Station
|c Sterling C. Evans Library
|d Evans: Library Stacks
|t 0
|e NA712.5.P73 W45 1987
|h Library of Congress classification
|i unmediated -- volume
|m A14812558600
|
| 998 |
f |
f |
|a NA712.5.P73 W45 1987
|t 0
|l Evans: Library Stacks
|